| 000 | 00587nam a2200181 i 4500 | ||
|---|---|---|---|
| 001 | 44221 | ||
| 003 | ES-MaACL | ||
| 005 | 20240227165458.0 | ||
| 007 | t| | ||
| 008 | 030320q1925 sp |||| | spa d | ||
| 245 | 0 | 4 |
_aLas 100 obras maestras de la literatura universal _b: (primera serie) / _cE. Gómez Carrillo. |
| 260 |
_aMadrid : _bRenacimiento, _c[ca. 1925] ( _fImp. Latina) |
||
| 300 |
_a326 p. ; _c19 cm. |
||
| 650 |
_aLiteratura- _xHistoria y crítica. _914489 |
||
| 700 | 1 |
_aGómez Carrillo, Enrique, _d1873-1927 _957861 |
|
| 852 |
_aES-MaACL _jB-13234 |
||
| 999 |
_c44221 _d44221 |
||